|
|
|
|
| LEADER |
02233nam a2200577 i 4500 |
| 001 |
nkc20162793778 |
| 003 |
CZ PrNK |
| 005 |
20170209105711.0 |
| 007 |
ta |
| 008 |
160427s2016 xr bj g 001 0dcze |
| 015 |
|
|
|a cnb002793778
|
| 020 |
|
|
|a 978-80-257-1729-5
|q (vázáno)
|
| 035 |
|
|
|a (OCoLC)951553997
|
| 040 |
|
|
|a ABA001
|b cze
|e rda
|
| 043 |
|
|
|a e-xr---
|a e-gx---
|
| 045 |
|
|
|a r1r7
|
| 072 |
|
7 |
|a 94(4)
|x Dějiny Evropy
|2 Konspekt
|9 8
|
| 072 |
|
7 |
|a 929
|x Biografie
|2 Konspekt
|9 8
|
| 080 |
|
|
|a 929.731
|2 MRF
|
| 080 |
|
|
|a (437.3)
|2 MRF
|
| 080 |
|
|
|a (430)
|2 MRF
|
| 080 |
|
|
|a (048.8)
|2 MRF
|
| 100 |
1 |
|
|a Kavka, František,
|d 1920-2005
|7 jk01053316
|4 aut
|
| 245 |
1 |
0 |
|a Karel IV. :
|b historie života velkého vladaře /
|c František Kavka
|
| 246 |
3 |
|
|a Karel IV. - historie života velkého vladaře
|
| 250 |
|
|
|a Vydání první
|
| 264 |
|
1 |
|a Praha :
|b Argo,
|c 2016
|
| 300 |
|
|
|a 334 stran :
|b mapy, 1 genealogická tabulka ;
|c 24 cm
|
| 336 |
|
|
|a text
|b txt
|2 rdacontent
|
| 337 |
|
|
|a bez média
|b n
|2 rdamedia
|
| 338 |
|
|
|a svazek
|b nc
|2 rdacarrier
|
| 490 |
1 |
|
|a Ecce homo ;
|v svazek 23.
|
| 500 |
|
|
|a Chronologický přehled
|
| 504 |
|
|
|a Obsahuje bibliografické odkazy a rejstřík
|
| 600 |
0 |
7 |
|a Karel
|b IV.,
|c český král a římský císař,
|d 1316-1378
|7 jk01053000
|2 czenas
|
| 600 |
0 |
9 |
|a Charles
|b IV.,
|c Holy Roman Emperor,
|d 1316-1378
|2 eczenas
|
| 648 |
|
7 |
|a 14. století
|7 ch460552
|2 czenas
|
| 648 |
|
4 |
|a 1316-1378
|
| 650 |
0 |
7 |
|a panovníci
|7 ph117250
|z Česko
|y 14. století
|2 czenas
|
| 650 |
0 |
7 |
|a panovníci
|7 ph117250
|z Svatá říše římská
|y 14. století
|2 czenas
|
| 650 |
0 |
9 |
|a kings and rulers
|z Czechia
|y 14th century
|2 eczenas
|
| 650 |
0 |
9 |
|a kings and rulers
|z Holy Roman Empire
|y 14th century
|2 eczenas
|
| 655 |
|
7 |
|a monografie
|7 fd132842
|2 czenas
|
| 655 |
|
9 |
|a monographs
|2 eczenas
|
| 830 |
|
0 |
|a Ecce homo
|0 s
|
| 910 |
2 |
|
|a BOA001
|b 2-1368.566
|
| 990 |
|
|
|a BK
|
| 995 |
|
|
|a 01
|
| 996 |
6 |
|
|b 2610670620
|c 2-1368.566
|l MZK
|r Sklad / do 1 hodiny
|n 1
|p p.v.
|w 001561264
|u 000010
|a 1
|e BOA001
|j MZK50
|s P
|
| 996 |
7 |
|
|b 2610673584
|c 2-1368.566
|l MZK
|r Sklad / do 1 hodiny
|n 9
|p kup
|w 001561264
|u 000020
|a 1
|e BOA001
|j MZK50
|s A
|
| 996 |
7 |
|
|b 2610697075
|c 2-1368.566
|l MZK
|r Sklad / do 1 hodiny
|n 7
|p dar
|w 001561264
|u 000030
|a 1
|e BOA001
|j MZK50
|s A
|